Nutrición infantil en países en desarrollo: manual para trabajadores especializados
Spremljeno u:
| Glavni autor: | |
|---|---|
| Format: | Knjiga |
| Jezik: | španjolski |
| Izdano: |
Ciudad de México, México
Centro Regional de Ayuda Técnica
1972
|
| Izdanje: | Segunda edición |
| Teme: | |
| Oznake: |
Dodaj oznaku
Bez oznaka, Budi prvi tko označuje ovaj zapis!
|
MARC
| LEADER | 00000cam a2200000 a 4500 | ||
|---|---|---|---|
| 001 | UCW4485 | ||
| 003 | CL-VaPUC | ||
| 005 | 20240820105329.0 | ||
| 008 | 900418e19720000MX |||||||||||||||||spa|d | ||
| 999 | |c 218210 |d 218208 | ||
| 040 | |c Pontificia Universidad Católica de Valparaíso | ||
| 082 | 0 | 4 | |a 616.39 JEL 1972 |2 21 |
| 100 | |a Jelliffe, Derrick B |e author |9 412981 | ||
| 245 | 1 | 0 | |a Nutrición infantil en países en desarrollo: manual para trabajadores especializados |
| 250 | |a Segunda edición | ||
| 260 | 0 | 3 | |a Ciudad de México, México |b Centro Regional de Ayuda Técnica |c 1972 |
| 300 | |a 263 páginas | ||
| 583 | |a last modification |c 20180112 01:07:18 |k Rodrigo Vera | ||
| 650 | 7 | |a NUTRICION INFANTIL |2 CL-VaPUC |9 260383 | |
| 650 | 7 | |a NIÑOS ENFERMEDADES |2 CL-VaPUC |9 269841 | |
| 650 | 0 | |a Aspectos nutricionales |9 309088 | |
| 650 | 7 | |a DESNUTRICION INFANTIL |2 CL-VaPUC |9 309087 | |
| 942 | |c BK |2 ddc | ||
| 945 | |d 19900418 00:00:00 |a mfernand | ||
| 952 | |0 0 |1 0 |2 ddc |4 0 |6 616_390000000000000_JEL_1972 |7 0 |8 P |9 207290 |a BIBEDU |b BIBEDU |c BIBEDU_PB |d 2019-11-15 |i 2750945 |o 616.39 JEL 1972 |p 2750945 |r 2019-11-15 |t 2 |w 2019-11-15 |y BK |k EDU | ||
| 952 | |0 0 |1 0 |2 ddc |4 0 |6 616_390000000000000_JEL_1972 |7 0 |8 P |9 207291 |a BIBEDU |b BIBEDU |c BIBEDU_PB |d 2019-11-15 |i 2750953 |o 616.39 JEL 1972 |p 2750953 |r 2019-11-15 |t 3 |w 2019-11-15 |y BK |k EDU | ||
| 952 | |0 0 |1 0 |2 ddc |4 0 |6 616_390000000000000_JEL_1972 |7 0 |8 A |9 207292 |a BIBCUR |b BIBCUR |d 2019-11-15 |i 2979594 |o 616.39 JEL 1972 |p 2979594 |r 2025-04-22 |t 1 |w 2019-11-15 |y BK |k BIO | ||
| 952 | |0 0 |1 0 |2 ddc |3 erb |4 0 |6 616_390000000000000_JEL_1972 |7 0 |8 A |9 207293 |a BIBALI |b BIBALI |c GEN |i 5448417 |o 616.39 JEL 1972 |p 5448417 |r 2025-01-20 |t 4 |w 2019-11-15 |y BK |z Catalogado en:20180114 |k ALI | ||